Collected letters of Samuel Taylor Coleridge / (Record no. 21888)
[ view plain ]
| 000 -LEADER | |
|---|---|
| fixed length control field | 00929nam a2200265 a 4500 |
| 001 - CONTROL NUMBER | |
| control field | 21888 |
| 003 - CONTROL NUMBER IDENTIFIER | |
| rucl marc code | BD-RjUL |
| 005 - DATE AND TIME OF LATEST TRANSACTION | |
| control field | 20211209000736.0 |
| 008 - FIXED-LENGTH DATA ELEMENTS--GENERAL INFORMATION | |
| fixed length control field | 140305m 19566 enkc b 001 0aeng d |
| 035 ## - SYSTEM CONTROL NUMBER | |
| System control number | 56-02923 |
| System control number | (BD-RjUL)21953 |
| 040 ## - CATALOGING SOURCE | |
| Original cataloging agency | DLC |
| Transcribing agency | HEI |
| Modifying agency | m.c |
| -- | OCL |
| -- | YNG |
| -- | BD-RjUL |
| Language of cataloging | eng |
| 041 ## - LANGUAGE CODE | |
| Language code of text/sound track or separate title | eng |
| 082 ## - DEWEY DECIMAL CLASSIFICATION NUMBER | |
| Classification number | 928.2 |
| Author mark and year | COC V-1 1966 |
| 100 1# - MAIN ENTRY--PERSONAL NAME | |
| Personal name | Coleridge, Samuel Taylor, |
| Dates associated with a name | 1772-1834. |
| Fuller form of name | Samuel Taylor Coleridge. |
| 9 (RLIN) | 67579 |
| 245 10 - TITLE STATEMENT | |
| Title | Collected letters of Samuel Taylor Coleridge / |
| Statement of responsibility, etc. | edited by Earl Leslie Griggs. |
| 260 ## - PUBLICATION, DISTRIBUTION, ETC. (IMPRINT) | |
| Place of publication, distribution, etc. | Oxford : |
| Name of publisher, distributor, etc. | Clarendon Press, |
| Date of publication, distribution, etc. | 1966. |
| 300 ## - PHYSICAL DESCRIPTION | |
| Pagination | ix,372 p. : |
| Illustrations | ports ; |
| Size | 23 cm. |
| 504 ## - BIBLIOGRAPHY, ETC. NOTE | |
| Bibliography, etc | Includes bibliographical references. |
| 505 0# - FORMATTED CONTENTS NOTE | |
| Formatted contents note | Vol. 1. 1785-1800. -- v. 2. 1801-1806. -- v. 3. 1807-1814. -- v. 4. 1815-1819. -- v. 5. 1820-1825. -- v. 6. 1826-1834. |
| 700 1# - ADDED ENTRY--PERSONAL NAME | |
| Personal name | Griggs, Earl Leslie. |
| 942 ## - ADDED ENTRY ELEMENTS (KOHA) | |
| Source of classification or shelving scheme | Dewey Decimal Classification |
| Koha item type | Books |
| Lost status | Source of classification or shelving scheme | Damaged status | Not for loan | Collection code | Permanent Location | Current Location | Shelving location | Date acquired | Source of acquisition | Cost, normal purchase price | Total Checkouts | Full call number | Date last seen | Copy number | Koha item type |
|---|---|---|---|---|---|---|---|---|---|---|---|---|---|---|---|
| Dewey Decimal Classification | Added to bundle | Non-fiction | Central Library, University of Rajshahi | Central Library, University of Rajshahi | Reading Room | 08/07/1970 | Sweet & Zeither | 5.15 | 928.2 COC V-1 1966 | 05/03/2014 | C-1 | Books |